[Event "Wismilak It"]
[Site "Surabaya IND"]
[Date "2002.07.22"]
[Round "1"]
[White "Zaw Win Lay"]
[Black "Megaranto,S"]
[Result "1/2-1/2"]
[WhiteElo "2531"]
[BlackElo "2364"]
[EventDate "2002.07.22"]

1. e4 c6 2. d4 d5 3. Nc3 dxe4 4. Nxe4 Bf5 5. Ng3 Bg6 6. h4 h6 7. Nf3 Nd7 8.
h5 Bh7 9. Bd3 Bxd3 10. Qxd3 e6 11. Bf4 Qa5+ 12. Bd2 Qc7 13. O-O-O Ngf6 14.
Ne4 O-O-O 15. g3 Nxe4 16. Qxe4 Nf6 17. Qe2 Bd6 18. Ne5 Bxe5 19. dxe5 Nd5
20. c4 Nb6 21. Bb4 c5 22. Ba5 Rxd1+ 23. Rxd1 Rd8 24. b3 Rxd1+ 25. Kxd1 Qd8+
26. Kc2 Qg5 27. Qf3 Qf5+ 28. Qxf5 exf5 29. Bxb6 axb6 30. f4 Kd7 31. Kd3 g6
32. hxg6 fxg6 33. Ke3 g5 34. Kf3 Ke6 35. Kg2 Kf7 36. Kh2 Ke7 37. Kg2 Kf7
38. Kh2 Ke7 39. Kg2 Kf7 1/2-1/2

[Event "Wismilak It"]
[Site "Surabaya IND"]
[Date "2002.07.22"]
[Round "1"]
[White "Hamdani,R"]
[Black "Paciencia,E"]
[Result "1/2-1/2"]
[WhiteElo "2375"]
[BlackElo "2483"]
[EventDate "2002.07.22"]

1. e4 e5 2. Nf3 Nf6 3. Nxe5 d6 4. Nf3 Nxe4 5. d4 d5 6. Bd3 Nc6 7. O-O Be7
8. c4 Nb4 9. Be2 O-O 10. a3 Na6 11. Nc3 Nxc3 12. bxc3 c5 13. cxd5 cxd4 14.
Bxa6 bxa6 15. Qxd4 Bf6 16. Ne5 Re8 17. f4 Qd6 18. Re1 Bd8 19. Be3 Bb6 20.
Qd2 Bb7 21. Bxb6 axb6 22. Nc4 Qg6 23. Qd4 b5 24. Nb6 Rad8 25. a4 h6 26. a5
Re6 27. Re5 Red6 28. f5 Qg5 29. h4 Qf6 30. Rae1 Kh7 31. R1e4 h5 32. Qd1 Qh6
33. f6 g6 34. Re7 Bxd5 35. Rd4 Be6 36. Rxd6 Qe3+ 1/2-1/2

[Event "Wismilak It"]
[Site "Surabaya IND"]
[Date "2002.07.22"]
[Round "1"]
[White "Barus,C"]
[Black "Juswanto,D"]
[Result "1/2-1/2"]
[WhiteElo "2456"]
[BlackElo "2520"]
[EventDate "2002.07.22"]

1. d4 Nf6 2. c4 e6 3. Nf3 Bb4+ 4. Bd2 Be7 5. Nc3 d5 6. Bg5 O-O 7. e3 Ne4 8.
Bxe7 Qxe7 9. Qc2 Nxc3 10. Qxc3 c5 11. cxd5 cxd4 12. Nxd4 exd5 13. Be2 Be6
14. Rc1 Nd7 15. O-O Nf6 16. Qa5 b6 17. Nc6 Qd6 18. Qb4 Qxb4 19. Nxb4 Rfc8
20. Nc6 Kf8 21. Ba6 Rc7 22. Nd4 Ne8 23. a3 Bd7 24. b3 Ke7 25. Rfd1 Rxc1 26.
Rxc1 Kd6 27. Kf1 g6 28. Ke1 Ng7 29. b4 Ne6 30. Rd1 Ba4 31. Rd2 Nc7 32. Be2
Rc8 33. Bd1 Bd7 34. Bb3 Re8 35. Kd1 a5 36. bxa5 bxa5 37. Ne2 Bc6 38. Nc3 f5
39. Kc2 Ra8 40. f3 Kc5 41. Na4+ Bxa4 42. Bxa4 Nb5 1/2-1/2

[Event "Wismilak It"]
[Site "Surabaya IND"]
[Date "2002.07.22"]
[Round "1"]
[White "Kosasih,C"]
[Black "Handoko,E"]
[Result "0-1"]
[WhiteElo "2422"]
[BlackElo "2431"]
[EventDate "2002.07.22"]

1. d4 d5 2. Nf3 Nf6 3. c4 e6 4. g3 c6 5. Qc2 Nbd7 6. Bg2 Bd6 7. O-O O-O 8.
Nbd2 Re8 9. a3 h6 10. b4 e5 11. dxe5 Nxe5 12. cxd5 Nxd5 13. Bb2 Bg4 14. Nd4
Rc8 15. Ne4 Bf8 16. Rfd1 a5 17. h3 Bh5 18. bxa5 Qxa5 19. Nf3 Nxf3+ 20. exf3
f5 21. Nc3 Nb6 22. Ne2 Qa4 23. Rd2 Qxc2 24. Rxc2 Bf7 25. h4 Nc4 26. Bf1
Rcd8 27. a4 Nd2 28. Bc3 Nxf1 29. Kxf1 b5 30. axb5 cxb5 31. f4 b4 32. Be5
Kh7 33. Ra7 Rd1+ 34. Kg2 Bd5+ 35. f3 b3 36. Rb2 Rd3 37. Ra5 Bxf3+ 38. Kf2
Be4 39. Nd4 Bb4 40. Rb5 Bc3 0-1

[Event "Wismilak It"]
[Site "Surabaya IND"]
[Date "2002.07.22"]
[Round "1"]
[White "Ardiansyah,H"]
[Black "Irwanto,S"]
[Result "1/2-1/2"]
[WhiteElo "2411"]
[BlackElo "2362"]
[EventDate "2002.07.22"]

1. e4 e5 2. Nf3 Nc6 3. Bb5 a6 4. Bxc6 dxc6 5. O-O Bg4 6. d3 Qf6 7. Be3 Bxf3
8. Qxf3 Qxf3 9. gxf3 Bd6 10. Nd2 Ne7 11. Nc4 Ng6 12. Rfd1 O-O-O 13. Kf1 h6
14. Ke2 Nh4 15. d4 f6 16. dxe5 fxe5 17. f4 exf4 18. Nxd6+ Rxd6 19. Bxf4 Re6
20. e5 Ng6 21. Bg3 Nxe5 22. Kf1 Nd7 23. Rd3 Nf6 24. Rad1 Rhe8 25. R3d2 g5
26. Kg2 h5 27. h4 g4 28. Bf4 Nd5 29. Bg5 b5 30. Kg3 Rf8 31. c3 Re5 32. Kg2
Rf3 33. Kg1 Kd7 34. a4 Ke6 35. axb5 axb5 36. Ra1 Ref5 37. Rc1 g3 38. fxg3
Rxg3+ 39. Kh2 Rg4 40. Re1+ Re5 41. Rf1 Rge4 42. Rff2 Rf5 43. Rg2 Rf1 44.
Bd8 Ree1 45. Bg5 Rh1+ 46. Kg3 Rhg1 47. Rxg1 Rxg1+ 48. Kf2 Rb1 49. Ke2 c5
50. Kd3 c4+ 51. Kc2 Rh1 52. Re2+ Kd6 53. Rg2 c5 54. Rd2 b4 55. cxb4 cxb4
56. b3 Kc5 57. bxc4 Kxc4 58. Rf2 Rh3 59. Kb2 Rb3+ 60. Kc2 Ra3 61. Kb2 Rb3+
62. Kc2 Ra3 63. Kb2 Ra8 64. Rf1 Re8 65. Rf2 Re4 66. Rc2+ Kb5 67. Rc8
1/2-1/2

[Event "Wismilak It"]
[Site "Surabaya IND"]
[Date "2002.07.23"]
[Round "2"]
[White "Zaw Win Lay"]
[Black "Barus,C"]
[Result "0-1"]
[WhiteElo "2531"]
[BlackElo "2456"]
[EventDate "2002.07.22"]

1. e4 e5 2. Nf3 Nc6 3. Bb5 a6 4. Bxc6 dxc6 5. Nc3 Qf6 6. d4 exd4 7. Qxd4
Qxd4 8. Nxd4 Bd6 9. Nde2 Ne7 10. Bf4 Be6 11. O-O-O O-O-O 12. Bxd6 cxd6 13.
Nf4 g5 14. Nxe6 fxe6 15. h4 g4 16. h5 Rhf8 17. Rh4 Rxf2 18. Rxg4 Rf7 19.
Rd3 e5 20. Rf3 Rdf8 21. Rxf7 Rxf7 22. Kd2 Kd7 23. Ke2 Ke6 24. Nd1 b5 25.
Nf2 a5 26. Nh3 h6 27. Ng1 a4 28. Nf3 Kf6 29. a3 Ke6 30. Nh4 d5 31. Ng6 Nc8
32. Rg3 dxe4 33. Rc3 Kd5 34. Rxc6 Nd6 35. Rb6 e3 36. g4 Nc4 37. Rxb5+ Kd6
38. Nh4 Rf2+ 39. Ke1 Kc6 40. Rb4 Nd2 41. Kd1 e4 42. Nf5 Nf3 43. Nxe3 0-1

[Event "Wismilak It"]
[Site "Surabaya IND"]
[Date "2002.07.23"]
[Round "2"]
[White "Irwanto,S"]
[Black "Hamdani,R"]
[Result "1-0"]
[WhiteElo "2362"]
[BlackElo "2375"]
[EventDate "2002.07.22"]

1. d4 Nf6 2. Nf3 e6 3. c4 b6 4. g3 Ba6 5. b3 Bb4+ 6. Bd2 Be7 7. Bg2 c6 8.
Ne5 d5 9. Bc3 O-O 10. Nd2 Bb7 11. e4 a5 12. Nd3 dxe4 13. Nxe4 Nbd7 14. O-O
Qc7 15. Qe2 Rfd8 16. Ng5 Re8 17. h4 b5 18. Ne5 Nxe5 19. dxe5 Nd7 20. Rfd1
b4 21. Bb2 Rad8 22. Qh5 Bxg5 23. Qxg5 a4 24. Rac1 c5 25. Bxb7 Qxb7 26. Rd6
Ra8 27. Rcd1 Nf8 28. h5 h6 29. Qg4 Qe7 30. Bc1 f5 31. exf6 Qxf6 32. Be3
Rec8 33. Qe4 axb3 34. axb3 Ra7 35. Kg2 Rf7 36. R1d2 Qe7 37. f3 Rf5 38. g4
Rf7 39. Rc6 Rxc6 40. Qxc6 1-0

[Event "Wismilak It"]
[Site "Surabaya IND"]
[Date "2002.07.23"]
[Round "2"]
[White "Juswanto,D"]
[Black "Kosasih,C"]
[Result "1/2-1/2"]
[WhiteElo "2520"]
[BlackElo "2422"]
[EventDate "2002.07.22"]

1. d4 d5 2. Nf3 c6 3. g3 Bf5 4. Bg2 h6 5. O-O e6 6. b3 Nf6 7. Bb2 Nbd7 8.
c4 Be7 9. Nc3 O-O 10. Rc1 Rc8 11. e3 Re8 12. Ne2 Ne4 13. Nf4 Bd6 14. Nd3
Ng5 15. Nfe5 Bxe5 16. dxe5 Bh3 17. Bxh3 Nxh3+ 18. Kg2 Ng5 19. h4 Ne4 20. c5
b6 21. b4 bxc5 22. bxc5 Rb8 23. Bd4 f6 24. f3 fxe5 25. Nxe5 Qc7 26. Nxd7
Qxg3+ 27. Kh1 Qxh4+ 28. Kg1 Qg3+ 1/2-1/2

[Event "Wismilak It"]
[Site "Surabaya IND"]
[Date "2002.07.23"]
[Round "2"]
[White "Megaranto,S"]
[Black "Stefanova,A"]
[Result "0-1"]
[WhiteElo "2364"]
[BlackElo "2497"]
[EventDate "2002.07.22"]

1. e4 e5 2. Nf3 Nc6 3. Bb5 a6 4. Ba4 Nf6 5. O-O b5 6. Bb3 Bc5 7. c3 d6 8.
d4 Bb6 9. h3 Bb7 10. Re1 O-O 11. Bg5 h6 12. Bh4 g5 13. Nxg5 hxg5 14. Bxg5
exd4 15. Qf3 Kg7 16. Qg3 Ne5 17. cxd4 Ng6 18. e5 dxe5 19. dxe5 Nh5 20. Qg4
Qd4 21. Qf5 Nhf4 22. Re3 Qxb2 23. Bxf4 Bxe3 24. Bxe3 Qxa1 25. Qf6+ Kh7 26.
Bc2 Qxa2 27. Bf5 Qd5 28. f3 Qd8 0-1

[Event "Wismilak It"]
[Site "Surabaya IND"]
[Date "2002.07.23"]
[Round "3"]
[White "Ardiansyah,H"]
[Black "Juswanto,D"]
[Result "1/2-1/2"]
[WhiteElo "2411"]
[BlackElo "2520"]
[EventDate "2002.07.22"]

1. d4 Nf6 2. c4 e6 3. Nc3 c5 4. d5 exd5 5. cxd5 d6 6. e4 g6 7. Nf3 Bg7 8.
Be2 O-O 9. O-O Re8 10. Nd2 a6 11. a4 Nbd7 12. f4 c4 13. Kh1 Qc7 14. e5 dxe5
15. Nxc4 e4 16. Be3 b6 17. a5 b5 18. Nb6 Nxb6 19. Bxb6 Qd7 20. Qb3 Bb7 21.
Rad1 Rac8 22. Be3 Qd6 23. Bd4 b4 24. Be5 Qc5 25. d6 Red8 26. Bd4 Qxa5 27.
Ra1 Qf5 28. Qxb4 Rd7 29. Bxa6 Bxa6 30. Rxa6 Nd5 31. Nxd5 Qxd5 32. Bxg7 Kxg7
33. Re1 e3 34. f5 Rc2 35. Rg1 Qd2 36. f6+ Kxf6 37. Qf4+ Kg7 38. Qe5+ f6 39.
Qe6 Rf7 40. Raa1 e2 41. b3 Qd4 42. h3 Qe5 43. Qxe5 fxe5 44. Rge1 Rd7 45.
Ra6 Rd2 46. Kg1 Rf7 47. Raa1 e4 48. b4 e3 49. b5 Rd7 50. Kh2 1/2-1/2

[Event "Wismilak It"]
[Site "Surabaya IND"]
[Date "2002.07.23"]
[Round "3"]
[White "Nay Oo Kyaw Tun"]
[Black "Irwanto,S"]
[Result "1/2-1/2"]
[WhiteElo "2504"]
[BlackElo "2362"]
[EventDate "2002.07.22"]

1. e4 e5 2. Nf3 Nc6 3. Bb5 a6 4. Ba4 Nf6 5. d4 exd4 6. O-O Be7 7. e5 Ne4 8.
Nxd4 Nxd4 9. Qxd4 Nc5 10. Nc3 O-O 11. Rd1 d6 12. Be3 Nxa4 13. Qxa4 Bd7 14.
Qb3 Bc6 15. Bf4 Qc8 16. exd6 Bxd6 17. Bxd6 cxd6 18. Nd5 Re8 19. Nb6 Qg4 20.
Qg3 Qxg3 21. hxg3 Rad8 22. Rd2 Re6 23. Nc4 b5 24. Ne3 g6 25. b3 Kf8 26. c4
bxc4 27. bxc4 Rb8 28. Rd3 Re4 29. Ra3 Rb6 30. Rb3 Rxb3 31. axb3 Bb7 32. Ra4
Re7 33. Kf1 Ke8 34. Rb4 Kd8 35. Ra4 Kc7 36. Ke2 f5 37. Kd3 h5 38. Ra5 Rh7
39. Nd5+ Bxd5 40. Rxd5 h4 1/2-1/2

[Event "Wismilak It"]
[Site "Surabaya IND"]
[Date "2002.07.23"]
[Round "3"]
[White "Barus,C"]
[Black "Megaranto,S"]
[Result "1-0"]
[WhiteElo "2456"]
[BlackElo "2364"]
[EventDate "2002.07.22"]

1. d4 d5 2. c4 c6 3. Nc3 Nf6 4. Nf3 dxc4 5. a4 Bf5 6. e3 e6 7. Bxc4 Bb4 8.
O-O Nbd7 9. Qe2 Bg6 10. e4 O-O 11. Bd3 a6 12. h3 h6 13. Rd1 Rc8 14. Bf4 Re8
15. Bc2 Qa5 16. Na2 c5 17. Ne5 Nxe5 18. dxe5 Nh7 19. Rd6 c4 20. Nxb4 Qxb4
21. Rb1 Nf8 22. Qe3 Red8 23. Qc3 a5 24. Rbd1 Rxd6 25. Rxd6 Ra8 26. Bd2 b5
27. Qxb4 axb4 28. Bxb4 bxa4 29. f4 c3 30. bxc3 a3 31. Rd1 f6 32. exf6 gxf6
33. Ra1 a2 34. Bb3 Bxe4 35. Rxa2 Re8 36. g3 h5 37. Kf2 Bf5 38. Bd1 Bxh3 39.
Bxh5 Rd8 40. Be7 Rd7 41. Bxf6 Rh7 42. Bf3 Bf5 43. Kg2 Bh3+ 44. Kg1 Rd7 45.
Bd4 Ng6 46. Ra8+ Kh7 47. Ra7 Rxa7 48. Bxa7 Kg7 49. Bd4+ Kf7 50. Kf2 Ke8 51.
c4 Bf5 52. Ke3 Kd7 53. Be5 1-0

[Event "Wismilak It"]
[Site "Surabaya IND"]
[Date "2002.07.23"]
[Round "3"]
[White "Kosasih,C"]
[Black "Zaw Win Lay"]
[Result "0-1"]
[WhiteElo "2422"]
[BlackElo "2531"]
[EventDate "2002.07.22"]

1. d4 Nf6 2. Nf3 e6 3. c4 b6 4. a3 Bb7 5. Nc3 d5 6. Bg5 Be7 7. e3 O-O 8.
cxd5 Nxd5 9. Bxe7 Qxe7 10. Nxd5 Bxd5 11. Bd3 c5 12. dxc5 bxc5 13. O-O Nd7
14. e4 Bc6 15. Qc2 Rab8 16. Rac1 Rb6 17. Nd2 Ne5 18. Be2 Rfb8 19. b3 Bb5
20. Bxb5 Rxb5 21. a4 Ra5 22. f4 Nc6 23. Nf3 h6 24. Rfd1 Rb4 25. Qd3 Qb7 26.
Nd2 Nd4 27. Rc4 Rxc4 28. Qxc4 Ra6 29. e5 Rb6 30. a5 Rb5 31. Ra1 a6 0-1

[Event "Wismilak It"]
[Site "Surabaya IND"]
[Date "2002.07.23"]
[Round "3"]
[White "Hamdani,R"]
[Black "Handoko,E"]
[Result "1-0"]
[WhiteElo "2375"]
[BlackElo "2431"]
[EventDate "2002.07.22"]

1. e4 e5 2. Nf3 Nf6 3. Nxe5 d6 4. Nf3 Nxe4 5. d4 d5 6. Bd3 Nc6 7. O-O Be7
8. c4 Nb4 9. Be2 O-O 10. a3 Nc6 11. Nc3 Nxc3 12. bxc3 Bf5 13. cxd5 Qxd5 14.
c4 Qd6 15. Be3 Bf6 16. Ra2 Rad8 17. d5 Ne5 18. Qc1 c5 19. h3 Rfe8 20. Rd1
Ng6 21. a4 a5 22. Bd3 Be4 23. Bxe4 Rxe4 24. Ra3 Rde8 25. Rb3 b6 26. Nd2 Rh4
27. Qc2 Bd8 28. Qf5 Ne7 29. Qf3 Ng6 30. g3 Ne5 31. Qg2 Rxc4 32. Nxc4 Nxc4
33. Bf4 Qd7 34. d6 g5 35. Qd5 Qxa4 36. d7 Re6 37. Qa8 1-0

[Event "Wismilak It"]
[Site "Surabaya IND"]
[Date "2002.07.23"]
[Round "3"]
[White "Stefanova,A"]
[Black "Paciencia,E"]
[Result "1/2-1/2"]
[WhiteElo "2497"]
[BlackElo "2483"]
[EventDate "2002.07.22"]

1. d4 d5 2. Nf3 Nf6 3. Bg5 g6 4. Bxf6 exf6 5. e3 Bg7 6. c4 dxc4 7. Bxc4 O-O
8. Nc3 Nd7 9. h4 h5 10. Qc2 Nb6 11. Bb3 Bf5 12. e4 Qe7 13. O-O-O Bg4 14.
Rd3 Rac8 15. Nh2 Bd7 16. g4 hxg4 17. h5 Bh6+ 18. Kb1 Kg7 19. f3 f5 20. fxg4
fxg4 21. hxg6 fxg6 22. Qg2 Rf4 23. Rg3 Qg5 24. Ne2 Rxe4 25. Bc2 Rce8 26.
Bxe4 Rxe4 27. Ka1 Qe7 28. Nc1 Bf4 29. Rc3 Nd5 30. Rc5 Ne3 31. Qg1 Rxd4 32.
Rc3 Bc6 33. Nxg4 Bxh1 34. Nxe3 Bxe3 35. Rxe3 Qh4 36. Re6 Rg4 37. Qe3 Re4
38. Qc3+ Kh7 39. Qxc7+ Kh6 40. Rxe4 Bxe4 41. a4 Bc6 42. b3 Qf2 43. Qe5 g5
44. Ne2 Kg6 45. Nd4 Qf6 46. Qe3 g4 47. Ka2 Bd7 48. Qe4+ Bf5 49. Qe8+ Kg5
50. Qe3+ Kg6 51. Ne2 Qc6 52. Nf4+ Kf7 53. Nh5 a5 54. Ng3 Be6 55. Ne4 Qxa4+
56. Kb2 Qc6 57. Qf4+ Ke8 58. Qe5 Kd8 59. Qxa5+ Kc8 60. Qe5 Qd5 61. Qh8+ Kc7
1/2-1/2

[Event "Wismilak It"]
[Site "Surabaya IND"]
[Date "2002.07.24"]
[Round "4"]
[White "Handoko,E"]
[Black "Nay Oo Kyaw Tun"]
[Result "1-0"]
[WhiteElo "2431"]
[BlackElo "2504"]
[EventDate "2002.07.22"]

1. e4 e5 2. Nf3 Nf6 3. Nc3 Nc6 4. g3 d5 5. exd5 Nxd5 6. Qe2 Nxc3 7. dxc3
Bd6 8. Nd4 Nxd4 9. cxd4 O-O 10. d5 Bb4+ 11. Bd2 Bxd2+ 12. Qxd2 Bg4 13. Bg2
f5 14. O-O Qd6 15. c4 f4 16. f3 Bd7 17. Rae1 Rae8 18. Qf2 b6 19. Re2 Re7
20. Rfe1 Rfe8 21. g4 g5 22. Re4 h5 23. h3 Kg7 24. Qe2 Kf6 25. a3 a5 26. Qd2
a4 27. Qb4 hxg4 28. hxg4 Rb8 29. Rd1 Be8 30. Re2 Bg6 31. Qxa4 e4 32. fxe4
f3 33. Bxf3 Bxe4 34. Rf1 Bxf3 35. Rxf3+ Kg7 36. Qc2 Rbe8 37. Qc3+ Kg6 38.
Ref2 Re1+ 39. Kg2 R8e5 40. Rf5 R1e3 41. Qc2 R5e4 42. R5f3 Re1 43. b4 Qe5
44. Qd3 Kg7 45. Rf7+ Kg8 46. Qh3 1-0

[Event "Wismilak It"]
[Site "Surabaya IND"]
[Date "2002.07.24"]
[Round "4"]
[White "Irwanto,S"]
[Black "Stefanova,A"]
[Result "0-1"]
[WhiteElo "2362"]
[BlackElo "2497"]
[EventDate "2002.07.22"]

1. d4 d5 2. Nf3 c6 3. c4 Nf6 4. Nc3 a6 5. c5 Nbd7 6. Bf4 Nh5 7. e3 g6 8.
Bd3 Bg7 9. O-O O-O 10. Bg5 Re8 11. Na4 Qc7 12. g4 Nhf6 13. Bf4 Qd8 14. h3
h5 15. g5 Ne4 16. Rc1 e5 17. dxe5 Qe7 18. Qc2 Nxe5 19. Bxe4 dxe4 20. Nxe5
Bxe5 21. Qxe4 Bxh3 22. Rfd1 Qe6 23. Bxe5 Qxe5 24. Qh4 Qf5 25. Qf4 Qxf4 26.
exf4 Re4 27. Nb6 Rae8 28. Rc4 Re1+ 29. Rxe1 Rxe1+ 30. Kh2 Be6 31. Rb4 h4
32. Na8 Bd5 33. Kh3 Rh1+ 34. Kg4 Be6+ 35. Kf3 Rg1 36. f5 h3 37. fxe6 h2 38.
exf7+ Kf8 39. Rh4 h1=Q+ 40. Rxh1 Rxh1 41. Nb6 Kxf7 42. Nc8 Ke6 43. Nd6 b5
44. Ne8 Rb1 45. b3 a5 46. Ke4 Rb2 47. f4 Re2+ 48. Kd3 Rxa2 49. Nc7+ Kd7 50.
Na8 Rb2 0-1

[Event "Wismilak It"]
[Site "Surabaya IND"]
[Date "2002.07.24"]
[Round "4"]
[White "Zaw Win Lay"]
[Black "Ardiansyah,H"]
[Result "1-0"]
[WhiteElo "2531"]
[BlackElo "2411"]
[EventDate "2002.07.22"]

1. e4 c5 2. Nf3 Nc6 3. d4 cxd4 4. Nxd4 Qc7 5. Nc3 e6 6. Be3 Nf6 7. Be2 a6
8. O-O Bb4 9. Na4 O-O 10. Nxc6 bxc6 11. Nb6 Rb8 12. Nxc8 Rfxc8 13. Bxa6 Rd8
14. Bd3 d5 15. exd5 cxd5 16. a4 Bd6 17. h3 Rxb2 18. Bd4 Rbb8 19. Bxf6 gxf6
20. Qh5 Kf8 21. a5 Ke7 22. a6 Bc5 23. Rab1 Rg8 24. Rxb8 Rxb8 25. Kh1 Ba7
26. Qxh7 Qf4 27. Qh5 Rb2 28. Qg4 Qxg4 29. hxg4 e5 30. f3 Kd7 31. g3 Kc6 32.
Kg2 Kd7 33. Rd1 Kc6 34. Kf1 Rb4 35. Bf5 d4 36. Ke2 Rb2 37. Bd3 Rb8 38. Rh1
Bc5 39. Rh6 Be7 40. Rh7 Ra8 41. Rxf7 Ra7 42. Rh7 Kd5 43. f4 1-0

[Event "Wismilak It"]
[Site "Surabaya IND"]
[Date "2002.07.24"]
[Round "4"]
[White "Megaranto,S"]
[Black "Paciencia,E"]
[Result "1-0"]
[WhiteElo "2364"]
[BlackElo "2483"]
[EventDate "2002.07.22"]

1. e4 e5 2. Nf3 Nc6 3. Bb5 a6 4. Ba4 Nf6 5. O-O Be7 6. Re1 b5 7. Bb3 O-O 8.
a4 Rb8 9. axb5 axb5 10. d3 d6 11. h3 Bd7 12. c3 Ra8 13. Rxa8 Qxa8 14. d4
Rd8 15. Nbd2 b4 16. Nf1 bxc3 17. bxc3 Rb8 18. Bg5 Be8 19. Bc2 Nd7 20. d5
Bxg5 21. dxc6 Qxc6 22. Nxg5 Qxc3 23. Ba4 h6 24. Nf3 Qb4 25. Bxd7 Bxd7 26.
Qc2 Rb7 27. Ne3 Qa3 28. Rb1 Rxb1+ 29. Qxb1 Kh7 30. Qc2 Qa5 31. Nd5 c6 32.
Ne3 Qb4 33. Kh2 Kg8 34. Nd2 Kf8 35. Ndc4 Ke7 36. Qd3 Be6 37. Nf5+ Bxf5 38.
exf5 d5 39. Nxe5 Qf4+ 40. Qg3 Qxg3+ 41. Kxg3 c5 42. Kf4 f6 43. Ng6+ Kd6 44.
Ke3 Kd7 45. Nf8+ Kd6 46. Ne6 g5 47. Kd3 h5 48. g3 h4 49. gxh4 gxh4 50. f4
Kc6 51. Nf8 Kb5 52. Nd7 1-0

[Event "Wismilak It"]
[Site "Surabaya IND"]
[Date "2002.07.24"]
[Round "4"]
[White "Juswanto,D"]
[Black "Hamdani,R"]
[Result "1-0"]
[WhiteElo "2520"]
[BlackElo "2375"]
[EventDate "2002.07.22"]

1. d4 d5 2. Nf3 Nf6 3. c4 e6 4. g3 Nbd7 5. Nbd2 c5 6. cxd5 Nxd5 7. Bg2 cxd4
8. Nxd4 Bc5 9. N2b3 Bb4+ 10. Bd2 Bxd2+ 11. Qxd2 O-O 12. O-O N7f6 13. Rfd1
Qb6 14. e4 Ne7 15. e5 Nfd5 16. Na5 Qc7 17. f4 a6 18. Rac1 Qb8 19. Nc4 Bd7
20. Nd6 Rd8 21. h3 h6 22. Qf2 Be8 23. f5 Rxd6 24. exd6 Qxd6 25. fxe6 fxe6
26. Re1 Bd7 27. Ne2 Rf8 28. Qc5 Qe5 29. Qd4 Qg5 30. Bf1 1-0

[Event "Wismilak It"]
[Site "Surabaya IND"]
[Date "2002.07.24"]
[Round "5"]
[White "Stefanova,A"]
[Black "Handoko,E"]
[Result "1-0"]
[WhiteElo "2497"]
[BlackElo "2431"]
[EventDate "2002.07.22"]

1. d4 d5 2. Nf3 Nf6 3. g3 c5 4. Bg2 Nc6 5. O-O e6 6. c4 Be7 7. Nc3 O-O 8.
cxd5 exd5 9. dxc5 Bxc5 10. Na4 Be7 11. Be3 Bg4 12. h3 Be6 13. Nc5 Ne4 14.
Nxe4 dxe4 15. Qxd8 Rfxd8 16. Ng5 Bxg5 17. Bxg5 f6 18. Be3 f5 19. Rfc1 Rac8
20. f3 exf3 21. Bxf3 h6 22. Rc5 Nd4 23. Bxd4 Rxd4 24. Re5 Kf7 25. Ra5 Rc7
26. Rxa7 Bd5 27. Ra5 Ke6 28. Bxd5+ Rxd5 29. Rxd5 Kxd5 30. Rd1+ Ke4 31. Kf2
Rc2 32. b4 Rxa2 33. Rd7 g5 34. Re7+ Kd5 35. Rxb7 Rb2 36. b5 Rb3 37. b6 h5
38. Rd7+ Ke5 39. b7 h4 40. gxh4 gxh4 41. Rh7 f4 42. Ke1 Rb2 43. Kd1 Ke4 44.
Kc1 Rb6 45. Kd2 Ke5 46. Kd3 Kd5 47. Rh5+ 1-0

[Event "Wismilak It"]
[Site "Surabaya IND"]
[Date "2002.07.24"]
[Round "5"]
[White "Paciencia,E"]
[Black "Irwanto,S"]
[Result "0-1"]
[WhiteElo "2483"]
[BlackElo "2362"]
[EventDate "2002.07.22"]

1. Nf3 d5 2. d4 Nf6 3. c4 e6 4. Nc3 Be7 5. Bg5 Nbd7 6. e3 dxc4 7. Bxc4 a6
8. Rc1 b5 9. Bb3 Bb7 10. O-O O-O 11. Qe2 c5 12. Rfd1 c4 13. Bc2 Nd5 14.
Bxe7 Nxc3 15. Bxh7+ Kxh7 16. Qc2+ Be4 17. Ng5+ Kg8 18. Nxe4 Qxe7 19. Nxc3
Rfd8 20. f4 Nf6 21. Ne4 Nd5 22. Ng5 g6 23. Qd2 e5 24. Nf3 exf4 25. exf4 Qe4
26. f5 Qxf5 27. Ne5 Qf4 28. Qxf4 Nxf4 29. Rc2 f6 30. Ng4 Nd5 31. Re1 Re8
32. Rce2 Rxe2 33. Rxe2 Kf7 34. Kf1 Rd8 35. Nh6+ Kg7 36. Ng4 f5 37. Ne5 Kf6
38. a3 g5 39. h3 Nf4 40. Rd2 Ne6 41. Nf3 g4 42. hxg4 fxg4 43. Ne5 g3 44.
Nf3 Nf4 45. Ne5 Rd6 46. Ke1 Kf5 47. Nf3 Rh6 48. Kf1 Rh1+ 49. Ng1 Ke4 50.
Rd1 Nd5 51. Ke2 Ne3 52. Rc1 Nxg2 53. d5 Nf4+ 54. Kd2 Rh2+ 0-1

[Event "Wismilak It"]
[Site "Surabaya IND"]
[Date "2002.07.24"]
[Round "5"]
[White "Kosasih,C"]
[Black "Megaranto,S"]
[Result "0-1"]
[WhiteElo "2422"]
[BlackElo "2364"]
[EventDate "2002.07.22"]

1. d4 d5 2. Nf3 Nf6 3. g3 Bf5 4. Bg2 e6 5. O-O Nbd7 6. c4 c6 7. Nc3 Be7 8.
Qb3 Qb6 9. c5 Qxb3 10. axb3 O-O 11. b4 a6 12. Nd2 e5 13. dxe5 Nxe5 14. Nb3
Rad8 15. Nd4 Bc8 16. f4 Ned7 17. h3 Rfe8 18. Bd2 Bf8 19. Kh2 g6 20. Be1 Bg7
21. Rd1 Ne4 22. Nxe4 dxe4 23. Bc3 Nf6 24. Nc2 Be6 25. Ne3 Bb3 26. Rxd8 Rxd8
27. g4 Nd5 28. Nxd5 cxd5 29. Bxg7 Kxg7 30. Rc1 f5 31. Ra1 d4 32. Kg1 d3 33.
exd3 exd3 34. Bf3 d2 35. Bd1 Re8 0-1

[Event "Wismilak It"]
[Site "Surabaya IND"]
[Date "2002.07.24"]
[Round "5"]
[White "Nay Oo Kyaw Tun"]
[Black "Juswanto,D"]
[Result "1/2-1/2"]
[WhiteElo "2504"]
[BlackElo "2520"]
[EventDate "2002.07.22"]

1. e4 c5 2. c3 d6 3. d4 Qc7 4. Nf3 g6 5. Bd3 Bg7 6. O-O Nf6 7. Re1 e5 8. h3
O-O 9. dxe5 dxe5 10. Nbd2 Rd8 11. Qc2 Nc6 12. a4 h6 13. Nc4 Be6 14. Ne3 a6
15. Bc4 Bxc4 16. Nxc4 b5 17. axb5 axb5 18. Rxa8 Rxa8 19. Ne3 c4 20. Rd1 Rd8
21. Rxd8+ Qxd8 22. Ng4 Nxg4 23. hxg4 Na5 24. Qd2 Qxd2 25. Bxd2 Kf8 26. Kf1
Ke7 27. Be3 Ke6 28. Nd2 Bf8 29. Ke2 Kd7 30. Bb6 Nb7 31. b3 Kc6 32. Ba7 Na5
33. bxc4 Nxc4 34. Nxc4 bxc4 35. Be3 Kb5 36. Kd2 g5 37. f3 Bc5 38. Bxc5 Kxc5
39. Kc2 Kb5 1/2-1/2

[Event "Wismilak It"]
[Site "Surabaya IND"]
[Date "2002.07.24"]
[Round "5"]
[White "Ardiansyah,H"]
[Black "Barus,C"]
[Result "1-0"]
[WhiteElo "2411"]
[BlackElo "2456"]
[EventDate "2002.07.22"]

1. d4 d5 2. c4 c6 3. Nf3 Nf6 4. Nc3 a6 5. c5 Bf5 6. Bf4 Nbd7 7. h3 e6 8. e3
Be7 9. Bd3 Bxd3 10. Qxd3 O-O 11. O-O Qc8 12. Rfc1 Bd8 13. Bd6 Re8 14. b4
Bc7 15. Be5 Qb8 16. Bxc7 Qxc7 17. a4 e5 18. dxe5 Nxe5 19. Nxe5 Qxe5 20. Ne2
Ne4 21. Nd4 g6 22. Rab1 Qf6 23. Rc2 h5 24. Nf3 Ng5 25. Nd4 Ne4 26. Nf3 Ng5
27. Nd4 Ne4 28. Nf3 Re6 29. Qd4 Qe7 30. b5 axb5 31. axb5 Re8 32. bxc6 bxc6
33. Rb6 Rf6 34. Ne1 g5 35. Nd3 Re6 36. Nb4 Rc8 37. Qd1 Nf6 38. Qf3 Kg7 39.
Qf5 Nd7 40. Rb7 Qf6 41. Qxf6+ Nxf6 42. Ra2 Ne4 43. Rba7 Kf8 44. Nd3 Nc3 45.
Rd7 Rf6 46. h4 gxh4 47. Nf4 Ne4 1-0

[Event "Wismilak It"]
[Site "Surabaya IND"]
[Date "2002.07.26"]
[Round "6"]
[White "Juswanto,D"]
[Black "Stefanova,A"]
[Result "0-1"]
[WhiteElo "2520"]
[BlackElo "2497"]
[EventDate "2002.07.22"]

1. e4 e5 2. Nf3 Nc6 3. Bc4 Bc5 4. c3 Nf6 5. d3 d6 6. O-O O-O 7. Bb3 h6 8.
Nbd2 Re8 9. h3 a6 10. Re1 Ba7 11. Nf1 Ne7 12. Ng3 Ng6 13. d4 c6 14. Be3 Qc7
15. Qd2 c5 16. Rad1 c4 17. Bc2 b5 18. Nf5 Bxf5 19. exf5 Nf8 20. dxe5 dxe5
21. Bxa7 Rxa7 22. Qd6 Qxd6 23. Rxd6 N8d7 24. a4 e4 25. Nd4 Nc5 26. axb5
axb5 27. Rb6 Nd3 28. Rb1 Rea8 29. Nxb5 Ra1 30. Na3 Rxb1+ 31. Nxb1 Ra1 32.
Kf1 Nd5 33. Rb8+ Kh7 34. Ke2 N5f4+ 35. Ke3 Nxg2+ 36. Kxe4 Nge1 37. Bxd3
Nxd3 38. Nd2 Nxf2+ 39. Kf3 Nxh3 40. Nxc4 Ng5+ 41. Kg2 h5 42. Rb4 h4 43. Nd2
h3+ 44. Kh2 Re1 45. Rh4+ Kg8 46. Rd4 Re2+ 47. Kh1 Re1+ 48. Kh2 Rd1 49. b4
Rxd2+ 50. Rxd2 Nf3+ 51. Kxh3 Nxd2 52. b5 Nc4 53. Kg4 Kf8 54. Kf4 Ke7 0-1

[Event "Wismilak It"]
[Site "Surabaya IND"]
[Date "2002.07.26"]
[Round "6"]
[White "Barus,C"]
[Black "Hamdani,R"]
[Result "1-0"]
[WhiteElo "2456"]
[BlackElo "2375"]
[EventDate "2002.07.22"]

1. d4 Nf6 2. c4 g6 3. Nc3 Bg7 4. e4 O-O 5. Nf3 d6 6. Be2 e5 7. Be3 exd4 8.
Nxd4 Re8 9. f3 c6 10. Bf2 d5 11. exd5 cxd5 12. O-O Nc6 13. c5 Bh6 14. Bb5
Bd7 15. Bxc6 bxc6 16. b4 Bf4 17. Nce2 Be5 18. Qd2 Nh5 19. a4 Qf6 20. Ra3 a6
21. Be3 Qh4 22. g3 Qd8 23. Rc1 Qc7 24. Rb3 Ng7 25. Bf4 f6 26. Be3 Re7 27.
b5 axb5 28. axb5 Rb8 29. b6 Qc8 30. Ra3 Be8 31. Rca1 g5 32. Ra7 Rbb7 33. f4
gxf4 34. Bxf4 Kf7 35. Qd3 Kg8 36. Rxb7 Rxb7 37. Ra7 Rb8 38. Bh6 Bd7 39. Nf3
Nf5 40. Bf4 Qe8 41. g4 Ng7 42. h3 Rd8 43. Qe3 d4 44. Nexd4 1-0